1701 1871 1265 1374 1849 1266 1500 1127 1360 1468 1503 1606 1415 1729 1538 1322 1066 1267 1894 1703 1641 1403 1376 1678 1851 1722 1736 1487 1378 1043 1402 1155 1559 1800 1063 1195 1471 1847 1128 1584 1670 1332 1633 1555 1034 1928 1965 1905 1505 1977 1207 1274 1770 1526 1645 1876 1415 1720 1027 1060 1874 1499 1071 1361 1108 1146 1509 1994 1542 1176 1630 1501 1261 1093 1495 1351 1141 1206 1252 1789 1907 1676 1355 1695 1189 1083 1923 1864 1805 1472 1110 1669 1672 1465 1444 1285 1189 1766 1631 BCNSPRNW ULIB Ver.6.0+V

เปลี่ยนเป็นภาษาไทย

Change to English
 แสดงรายละเอียดบรรณานุกรม
  กลับหน้าหลัก

Brief Record : Get Marc (ISO 2709) : E-mail record : QR code < ปิดหน้าต่าง
LEADER : 00000nam 2200000uu 4500
001    13399110953
003     ULIB
008    110614s2550||||th 000 0 tha d
020    9789749601303
050 04 AC158^bภ372ค 2550
100 0  Nathalie Tordjman
245 10 คู่มือ kid ดี /^cNathalie Tordjman, เขียน ; ภัทรมน พัวไพโรจน์, แปล
250    พิมพ์ครั้งที่ 1
260    กรุงเทพฯ :^bนานมีบุ๊คส์พับลิเคชั่นส์,^c2550
300    207 หน้า :^bภาพประกอบ ;^c19 ซม
650  7 อยู่ในสังำคม
650  7 การดำเนินชีวิต
945    ^p195^l0^i025142
995    ทศพร
999 ^a ใช้งานได้ทุกระบบ
รายการนี้ยังไม่มีแท็ก
คุณยังไม่ได้ล็อกอิน คุณสามารถมีกิจกรรมร่วมกับเว็บไซต์ได้ แต่ต้องล็อกอินก่อน ::
  ล็อกอิน

รายการสื่อสารสนเทศ

ลำดับที่ ประเภท เลขเรียก/บาร์โค้ด สถานที่ สถานะ
- ไม่พบข้อมูล -

รายการใกล้เคียง
    หัวเรื่อง [การดำเนินชีวิต]

BibComment


ยังไม่เคยถูกคอมเมนท์

คอมเมนท์ทรัพยากรรายการนี้
  คอมเมนท์: คู่มือ kid ดี Na..


 Copyright 2026. Bcnsprnw @Library